Statistics for 2022 FIFA World Cup Group H - Ghana - Uruguay

Click here to take the quiz!

General Stats

  • This quiz has been taken 38 times
  • The average score is 17 of 34

Answer Stats

Player% Correct
Luis Suárez
100%
Edinson Cavani
97%
Darwin Núñez
93%
Federico Valverde
87%
José Giménez
77%
Sergio Rochet
70%
Giorgian de Arrascaeta ²
67%
Matías Vecino
67%
Rodrigo Bentancur
67%
Thomas Partey
67%
Sebastián Coates
63%
André Ayew
60%
Jordan Ayew
60%
Facundo Pellistri
57%
Mathías Olivera
57%
Iñaki Williams
53%
Mohammed Salisu
50%
Daniel Amartey
47%
Guillermo Varela
47%
Maxi Gómez
43%
Mohammed Kudus
43%
Lawrence Ati-Zigi
37%
Nicolás de la Cruz
37%
Baba Rahman
33%
Diego Alonso
33%
Alidu Seidu
27%
Salis Abdul Samed
27%
Kamaldeen Sulemana
23%
Agustín Canobbio
20%
Osman Bukari
20%
Otto Addo
20%
Abdul Fatawu Issahaku
13%
Antoine Semenyo
13%
Daniel-Kofi Kyereh
13%

Score Distribution

Percentile by Number Answered

Percent of People with Each Score

Your Score History

You have not taken this quiz